Psychoterapia ako súčasť ošetrovateľstva

Podrobná bibliografia
Hlavný autor: Zlámalová, V. (Autor)
Médium: Článok
Jazyk:slovenčina
ISSN:1335-1753
Predmet:

MARC

LEADER 00000nab a2200000 a 4500
001 vtls000823955
003 SK-MaSNL
005 20260304105458.0
008 250429c2002 xo 0 slo
015 |a SNBRB2003/02-04025 
035 |a CLN000175610 
035 |a urn:nbn:sk:snk-abpdu 
035 |a (urnnbn)urn:nbn:sk:snk:ar-a06cu5 
035 |a (uuid)1503ebcf-f86b-409d-976c-0ef07cef0bf1 
040 |a SNKBUCL  |b slo  |c SNKBUCL  |e AACR2 
041 0 |a slo 
044 |a xo  |c SK 
080 |a 615.851-053.2  |2 1997 
080 |a 616.89-053.2  |2 1997 
100 1 |a Zlámalová, V.  |4 aut  |9 1116374 
245 1 0 |a Psychoterapia ako súčasť ošetrovateľstva  |c V. Zlámalová 
504 |a Res. angl., slov. 
504 |a Bibliogr. odkazy 
650 0 7 |a ošetrovateľstvo  |2 SNKPH  |9 2557 
650 0 7 |a detská psychoterapia  |2 SNKPH  |9 68135 
655 7 |a články z novín a časopisov  |2 SNK  |9 267496 
773 0 |t Revue profesionálnej sestry  |g Roč. 9, č. 5 (2002), s. 12-13  |x 1335-1753 
850 |a Slovenská národná knižnica 
852 |a Slovenská národná knižnica 
958 |a article27 
958 |a OND 
958 |a SK 
958 |a MI 
958 |a EUIPO 
999 |c 2855856  |d 2857786